| 000 | 01005 a2200229 4500 | ||
|---|---|---|---|
| 020 | _a0471718165 | ||
| 020 | _a9780471718161 | ||
| 040 |
_aDLC _bDLC |
||
| 082 | 0 | 0 | _a621.382/1 |
| 245 | 0 | 0 |
_aMobile, wireless, and sensor networks: technology, applications, and future directions _btechnology, applications, and future directions _cRajeev Shorey |
| 260 |
_a[Piscataway] : _bIEEE Press ; _aHoboken, N.J. : _bWiley-Interscience, _cc2006. |
||
| 300 |
_axvii, 430 p. : _bill. ; _c25 cm. |
||
| 650 | 0 | _aWireless communication systems. | |
| 650 | 0 | _aWireless LANs. | |
| 650 | 0 | _aMobile communication systems. | |
| 650 | 0 | _aSensor networks. | |
| 700 | 1 | _aShorey, Rajeev. | |
| 856 | 4 | 1 |
_3Table of contents _uhttp://www.loc.gov/catdir/toc/ecip0511/2005010792.html |
| 856 | 4 | 1 |
_3Publisher description _uhttp://www.loc.gov/catdir/enhancements/fy0622/2005010792-d.html |
| 856 | 4 | 1 |
_3Contributor biographical information _uhttp://www.loc.gov/catdir/enhancements/fy0654/2005010792-b.html |
| 942 |
_cBK _k621.3821 SHO _2ddc |
||
| 999 |
_c8208 _d8208 |
||